000 02404nam0a2200457 4500
001 RU\NLR\BIBL_A\012512941
005 20260213153107.0
010 _a978-5-288-06066-3
_9500
021 _aRU
_bКН-П-20-085636
_9КН-П-20-6518
035 _a(NLR Aleph) 012512941
035 _a(RuMoRGB)010536222
090 _a12278137
_c12278137
100 _a20210429d2020 u y0rusy50 ca
101 0 _arus
_deng
102 _aRU
105 _aach|zzzz0||ay
181 0 _ai3
_baxxe
182 0 _an
200 1 _aВоспоминания. Лирика
_eлюбовь и жизнь. Стихи
_fТ. П. Знамеровская
_gсоставление, подготовка текста, вступительная статья, комментарии, указатели А. В. Морозовой
_gСанкт-Петербургский государственный университет
203 _aТекст
_bвизуальный
_cнепосредственный
210 _aСанкт-Петербург
_cИзд-во Санкт-Петербургского университета
_d2020
215 _a294, [1] с., [16] л. ил., цв. ил., портр., факс.
_cпортр.
_d25
225 1 _aНаучно-популярная серия РФФИ
300 _aРез. англ.
320 _aБиблиогр. в подстроч. примеч.
320 _aОсн. публ. авт.: с. 274-276 (35 назв.)
320 _aИмен. указ.: с. 267-273
517 1 _aЛюбовь и жизнь. Стихи
517 1 _aЛирика
600 1 _aЗнамеровская
_bТ. П.
_f1912 - 1977
_gТатьяна Петровна
_jВоспоминания, записки и т.п
_92459438
_3RU\NLR\AUTH\6601679053
686 1 _aЩ10г(2Р)7дЗнамеровская я44
686 1 _aШ5(2=Р)7-4Знамеровская
686 2 _aШ6(2=Р)7-5
700 1 _7ca
_8rus
_aЗнамеровская
_bТ. П.
_f1912-1977
_gТатьяна Петровна
_92697206
_3RU\NLR\AUTH\770289988
702 1 _aМорозова
_bА. В.
_4220
942 _cBOOK
980 _aNBR
980 _aNB